| 000 | 00569nam a2200193Ia 4500 | ||
|---|---|---|---|
| 008 | 191130s2010##################000#0#eng## | ||
| 020 | _a9780495833451 | ||
| 022 | _a2005937098 | ||
| 040 |
_aACL _cACL |
||
| 082 | _a320 JAS | ||
| 100 | _aJoseph, William A | ||
| 245 |
_aIntroduction to politics of the developing world _cWilliam A. Joseph, Mark Kesselman, Joel Krieger |
||
| 250 | _a5th ed | ||
| 260 |
_aBoston, MA _bHoughton Mifflin Co _cc2010 |
||
| 300 | _axi., 390p.; ill | ||
| 990 | _a7c427baeac10000c46e589b57df9da3c | ||
| 991 | _a192352 | ||
| 999 |
_c219899 _d219899 |
||